Т. 2 : Разработка компонентов и работа с базами данных; Delphi

Detalles Bibliográficos
Parent link:Delphi: Руководство разработчика/ К. Пачеко, С. Тейксейра. Т. 2 : Разработка компонентов и работа с базами данных.— , 2000
Idioma:ruso
Publicado: 2000
Subjects:
Formato: Unknown
KOHA link:https://koha.lib.tpu.ru/cgi-bin/koha/opac-detail.pl?biblionumber=25050

MARC

LEADER 00000nmm0a2200000 4500
001 25050
005 20231030200610.0
010 |a 5845900670 
035 |a (RuTPU)RU\TPU\book\25286 
035 |a BOOK00025360 
090 |a 25050 
100 |a 20011209d2000 m y0rusy50 ca 
101 1 |a rus  |c eng 
102 |a RU  |a UA 
105 |a а z 001zy 
200 0 |a Т. 2 : Разработка компонентов и работа с базами данных 
210 |d 2000 
215 |a 991 с.  |c ил. 
320 |a Предм. указ.: с. 977-991. 
461 |t Delphi  |o Руководство разработчика  |v Т. 2 : Разработка компонентов и работа с базами данных  |o пер. с англ.  |f К. Пачеко, С. Тейксейра  |d 2000 
610 1 |a программирование 
610 1 |a операционные системы 
610 1 |a Delphi 5 
610 1 |a базы данных 
610 1 |a компоненты 
610 1 |a разработка 
610 1 |a примеры 
610 1 |a COM-объекты 
610 1 |a Windows 
610 1 |a ActiveX 
675 |a 681.3.066  |v 3 
801 0 |a RU  |b 63413507  |c 20011209  |g PSBO 
801 2 |a RU  |b 63413507  |c 20090929  |g PSBO 
942 |c MX